000 01185nam a2200241 i 4500
001 bg
245 0 0 _aEnergetyka 2000 :
_bkonferencja naukowo-techniczna, Wrocław 8-10 listopada 2000.T. /
_c[Instytutu Techniki Cieplnej i Mechaniki Płynów]
_n2.
260 _aWrocław :
_bOficyna Wydawnicza PW,
_c2000.
300 _a476 s. :
_bil. ;
_c24 cm.
490 1 _aPrace Naukowe Instytutu Techniki Cieplnej i Mechaniki Płynów Politechniki Wrocławskiej. Konferencje =
_aScientific Papers of the Institute of Heat Engineering and Fluid Mechanics of the Wrocław University of Technology. Conferences,
_x0324-9395 ;
_v10
500 _aTyt. równol.: Conference on Power Engineering 2000. Vol. 2. - Nr serii gł.: 56. - Streszcz. ang. przy ref.
504 _aBibliogr. przy ref.
650 9 _aEnergetyka
650 9 _aMechanika płynów
650 9 _aTermodynamika techniczna
655 _aMateriały konferencyjne
830 0 _aPrace Naukowe Instytutu Techniki Cieplnej i Mechaniki Płynów Politechniki Wrocławskiej.
_pKonferencje ;
_v10
040 _cBPK
041 0 _apl
_ben
080 _a621.31+620.9:532+536.7](061)
942 _cKS
008 s pl f |000 0 pol
999 _c40622
_d40622
856 _uhttp://koha.tu.koszalin.pl/cgi-bin/koha/opac-detail.pl?biblionumber=40622
_yKatalog online BPK